| 000 | 00467nam a2200193Ia 4500 | ||
|---|---|---|---|
| 008 | 170918s9999 xx 000 0 und d | ||
| 020 | _a9780545500197 | ||
| 050 | _bG615 2012 | ||
| 100 | _aGoing, K. L. | ||
| 245 | _aDog in charge / | ||
| 245 | _cK. L. Going ; illustrated by Dan Santat. | ||
| 260 | _aNew York : | ||
| 260 | _bScholastic, | ||
| 260 | _c2012 | ||
| 300 | _aunpaged : | ||
| 300 | _bcolored illustration ; | ||
| 300 | _c28cm. | ||
| 500 | _a310 | ||
| 999 |
_c341170 _d341170 |
||